🍌 Top 20 Banana producing countries - Statistics

General Stats
  • This quiz has been taken 653 times
  • The average score is 12 of 20
Answer Stats
Answer Tonnes % Correct
Brazil 6,812,708
94%
China 11,998,329
88%
India 30,460,000
88%
Mexico 2,227,173
84%
Colombia 2,914,419
83%
Indonesia 7,280,659
81%
Thailand 1,297,590
70%
Vietnam 2,194,247
67%
Ecuador 6,583,477
61%
Philippines 6,049,601
61%
Costa Rica 2,437,381
59%
Guatemala 4,341,564
57%
Kenya 1,715,770
50%
Tanzania 3,406,936
50%
Dominican Republic 1,209,268
46%
Egypt 1,359,297
31%
Angola 4,036,959
30%
Papua New Guinea 1,408,295
30%
Cameroon 1,207,375
26%
Rwanda 1,850,633
10%
No matching quizzes found
Score Distribution
Percent of People with Each Score
Percentile by Number Answered
Your Score History
You have not taken this quiz